Annual Digest of Statistics 1985

Guardado en:
Detalles Bibliográficos
Formato: Libro
Lenguaje:inglés
Publicado: Rose Hill Central Statistical Office 1986
Edición:1. ed.
Etiquetas: Agregar Etiqueta
Sin Etiquetas, Sea el primero en etiquetar este registro!

MARC

LEADER 00000nam a2200000 4500
001 c035685
005 20221220071016.3
041 0 |a eng 
044 |a US 
245 1 0 |a Annual Digest of Statistics 1985 
250 |a 1. ed. 
264 1 |a Rose Hill  |b Central Statistical Office  |c 1986 
300 |a 149 s.